000
00280nam a22001337a 4500
008
170731b xxu||||| |||| 00| 0 eng d
020
_a
9780980576856
041
_a
eng
080
_a
004
100
_a
32
101
_a
SHKI
245
_a
JQUERY
_c
CASTELDINE, E
942
_2
udc
_c
BK
999
_c
22183
_d
22183